000 00325nam a2200121Ia 4500
008 240731s9999 xx 000 0 und d
022 _a1547-0652
245 0 _aJournal of Child & Adolescent Substance Abuse
260 _bTaylor & Francis
856 _uhttps://www.tandfonline.com/loi/wcas20
942 _2ddc
942 _cTFEJ
999 _c77511
_d77511
945 _a1
_bMadushi Gamage
_c1
_dMadushi Gamage